00633nam a22001337a 4500008004100000020001500041050002200056245028200078260004600360300002200406440003100428800001800459800002200477140902b xxu||||| |||| 00| 0 eng d a0406093644 aKD277.7.L39(1945) aThe Law Reports (1945) King's Bench division: of the incorporated Council of law reporting and on appeal therefrom in the Court of Appeal decisions in the Court of criminal appeal and decisions of the Railway and Canal Commission. /cedited by Ralph Sulton and G.F.L. Bridgman aLondon:bButterworth and Co. Ltd.,c1945. aviii,621p.:c24cm pKings Bench Division, 1945 aSulton, Ralph aBridgman, G.F.L.